000 00394nam a2200157Ia 4500
008 240729s9999 xx 000 0 und d
022 _a2442-9740
245 0 _aDental Journal
260 _aIndonesia
260 _bUniversitas Airlangga
650 _a Dentistry
650 _aMedicine
856 _uhttps://doaj.org/toc/68b17929b75a4a1e8c6343a4a116bc40
942 _2ddc
942 _cDOAJEJ
999 _c66670
_d66670
945 _a1
_bMadushi Gamage
_c1
_dMadushi Gamage